Animales en peligro /

-д хадгалсан:
Номзүйн дэлгэрэнгүй
Байгууллагын зохиогч: World Wildlife Fund International (1986-)
Формат: Ном
Хэл сонгох:испани
Хэвлэсэн: Pamplona, España : Salvat, 1972, c1972
Нөхцлүүд:
Шошгууд: Шошго нэмэх
Шошго байхгүй, Энэхүү баримтыг шошголох эхний хүн болох!

MARC

LEADER 00000nam^a2200000^a^4500
001 000099744
005 20250521000000.0
009 20260526121936.207
020 |a 84-7137-307-6 
037 |a Acervo ITESO - Biblioteca 
041 |a ESP 
082 |a 574. 529  |b WOR 
110 |a World Wildlife Fund International (1986-) 
245 1 0 |a Animales en peligro /  |c World Wildlife Fund. 
264 4 |a Pamplona, España :  |b Salvat,  |c 1972, c1972 
300 |a 161 p. 
336 |a texto  |b txt  |2 rdacontenido 
337 |a sin mediación  |b n  |2 rdamedio 
338 |a volumen  |b nc  |2 rdasoporte 
649 |a XX 
650 |a Especies en Peligro de Extinción 
650 |a Fauna 
650 |a Biodiversidad 
650 |a Recursos Naturales 
650 |a Conservación y Protección Ambiental 
650 |a Política Ambiental 
650 |a Ecología 
650 |a Zoología 
650 |a Biología 
650 |a Ciencias Naturales 
910 |a Fondo Jesús Rodríguez 
920 |a Impresos - Libros 
930 |a Fondos Especiales 
905 |a 113 
901 |a 0500036087  |b IT2  |c ESP  |u 20250521 
902 |a https://opac.biblio.iteso.mx/vufind/Record/000099744